000 00407nam a2200145Ia 4500
008 240719s9999 xx 000 0 und d
041 _aeng
082 _a658.3124 HAY
100 _aHay Julie
245 _aThe Gower Assessment And Development Centre
260 _aMumbai:
_bBookland International
_c2010
300 _a275.; P. 24 Cm
365 _b25.95
520 _aGifted By : IMT Faculty Dr.senthil kumar
999 _c41220
_d41220